FIFA World Cup 2026 - Uruguay Squad - Statistics

General Stats
  • This quiz has been taken 2 times
  • The average score is 13 of 27
Answer Stats
Team # Position Club/Country Player % Correct
Uruguay 9 ST Al-Hilal SFC Darwin Núñez
100%
Uruguay 8 CM Real Madrid Federico Valverde
100%
Uruguay 13 RB CR Flamengo Guillermo Varela
100%
Uruguay 2 CB Atlético de Madrid José María Giménez
100%
Uruguay 5 DM Manchester United Manuel Ugarte
100%
Uruguay 20 LB Sporting CP Maxi Araújo
100%
Uruguay 6 DM Tottenham Hotspur Rodrigo Bentancur
100%
Uruguay 4 CB FC Barcelona Ronald Araujo
100%
Uruguay 18 LW CF América Brian Rodríguez
50%
Uruguay 11 RW Panathinaikos Facundo Pellistri
50%
Uruguay 21 ST Real Oviedo Federico Viñas
50%
Uruguay 23 GK Club Estudiantes de La Plata Fernando Muslera
50%
Uruguay 10 AM CR Flamengo Giorgian de Arrascaeta
50%
Uruguay Manager Argentina Marcelo Bielsa
50%
Uruguay 16 LB SSC Napoli Mathías Olivera
50%
Uruguay 17 LB CA River Plate Matías Viña
50%
Uruguay 26 AM SC Braga Rodrigo Zalazar
50%
Uruguay 24 CB Wolverhampton Wanderers Santiago Bueno
50%
Uruguay 14 LW Fluminense Football Club Agustín Canobbio
0%
Uruguay 15 DM Sociedade Esportiva Palmeiras Emiliano Martínez
0%
Uruguay 22 LB Sociedade Esportiva Palmeiras Joaquín Piquerez
0%
Uruguay 25 LB Real Salt Lake City Juan Manuel Sanabria
0%
Uruguay 7 CM CR Flamengo Nicolás de la Cruz
0%
Uruguay 19 ST Tigres UANL Rodrigo Aguirre
0%
Uruguay 12 GK CF Monterrey Santiago Mele
0%
Uruguay 3 CB CF América Sebastián Cáceres
0%
Uruguay 1 GK Sport Club Internacional Sergio Rochet
0%
No matching quizzes found
Score Distribution
Percent of People with Each Score
Percentile by Number Answered
Your Score History
You have not taken this quiz